000 00823nam a2200265 i 4500
001 129869
003 ES-MaACL
005 20250710062730.0
007 t|
008 070709s1994 fr ||||1| fre d
020 _a2 13 04241
080 _a811.111(091)
100 1 _aChevillet, François.
_938435
245 1 0 _aHistoire de la langue anglaise /
_cFrançois Chevillet.
250 _a1re éd.
260 _aParis :
_bPresses Universitaires de France,
_c[1999]
300 _a127 p. ;
_c18 cm.
490 1 _aQue sais-je?. Collection Encyclopédique ;
_v1265
500 _aBiblioteca Jacinto Martínez Lacalle.
504 _aBibliografía: p.124-125.
650 1 4 _aLengua inglesa-
_xHistoria.
_914278
830 0 0 _aQue sais-je?
_v1265
_9180931
852 _aES-MaACL
_jE-11865
_bR.139803
999 _c129869
_d129869